000 00825nam a22001937a 4500
005 20250108153143.0
010 _aB-761598
020 _a9788196308667
_c250.00
035 _aB-761598
037 _bउपहार
082 _a822
100 _aउपाध्याय,गंगा प्रसाद
_976116
245 _aशेक्सपियर के नाटक /
_cगंगा प्रासाद उपाध्याय
260 _aनई दिल्ली
_bसुबोध बुक्स
_c2023
270 _a2/4240-ए,अंसारी रोड
_bनई दिल्ली
_e110002
300 _a102 पृ.
_c22सेमी. (सजिल्द)
942 _2ddc
_cHN
_h822
_mउपाध्य
999 _c208217
_d208217